00473nam a2200145Ia 4500008004100000041000800041082001600049100001900065245003300084260002700117300003200144365001100176999001700187952012300204240624s9999 xx 000 0 und d aeng a658.872 BEC aBECKER MICHAEL aMOBILE MARKETING FOR DUMMIES c2010aNew DelhibWiley axviii, : 362 : p. : cm ; 23 cRSb31 c23053d23053 00104070aIMTNbIMTNcRack 36-Bd2014-09-25eIBHg399.00o658.872 BECp23053r2024-06-24 00:00:00t1w2024-06-24yBK